Представление документа в формате RUSMARC

ПолеНазваниеЗначение
  Тип записи a
  Библиографический уровень m
001 Контрольный номер RU/CBS_UL/BASE/94c8ddc9bbaa49909397c65d919a5628
005 Дата корректировки 20260406084336.3
010 Индекс ISBN __
a ISBN 978-5-17-057957-0
b Уточнения в пер.
d Цена 41 р. 76 к.
9 Тираж 3 000 экз.
100 Данные общей обработки __
a Данные общей обработки 20140425d2014 ||| 0rusy0189 ca
101 Язык документа 0_
a Язык текста rus
102 Страна публикации __
a Страна публикации RU
105 Кодированные данные (монография) __
a Кодированные данные (монография) y###||||000|y
181 Поле кодированных данных: вид содержания _1
a Код вида содержания (ISBD) i#
b Код характеристики содержания (ISBD) #xxe##
d i
g x
h x
i e
182 Поле кодированных данных: тип средства _1
a Код типа средства (ISBD) n
2 Код системы (источник кода, отличный от ISBD) isbdmedia
200 Заглавие и сведения об ответственности 1_
a Заглавие Новые правила поведения для воспитанных детей
f Первые сведения об ответственности Г. П. Шалаева, О. М. Журавлёва
g Последующие сведения об ответственности худож. Н. Новичихина, А. Пирогов
210 Выходные данные 1_
a Место издания Москва
c Издательство АСТ
c Издательство Слово
d Дата издания 2021
215 Физическое описание __
a Объем 159 с.
c Иллюстрации/тип воспроизводства цв. ил.
d Формат 26 см.
300 Общие примечания __
a Общие примечания На обл. авт. не указаны
300 Общие примечания __
a Общие примечания 0+
606 Тематические рубрики 0_
a Основная рубрика Культура поведения - Этикет
610 Ключевые слова 0_
a Ключевые слова вежливость
a Ключевые слова этикет
a Ключевые слова культура поведения
a Ключевые слова умение вести себя
a Ключевые слова манеры хорошие
a Ключевые слова воспитание детей
a Ключевые слова правила поведения
a Ключевые слова стихи веселые
a Ключевые слова стихи поучительные
686 Индексы других классификаций __
a Классификационный индекс 87.774
2 Код системы ББК
700 Автор _1
a Фамилия Шалаева
b Имя (инициалы) Г. П.
g Полное личное имя Галина Петровна
701 Альтернативная интеллектуальная ответственность _1
a Фамилия Журавлёва
b Имя (инициалы) О. М.
801 Источник записи _0
a Страна RU
b Организация МБУК ЦБС г. Ульяновска
c Дата составления 20140425
g Правила каталогизации RCR
801 Источник записи _1
a Страна RU
b Организация МБУК ЦБС г. Ульяновска
c Дата составления 20140425
g Правила каталогизации RCR
899 Данные о местонахождении __
i Авторский знак Ш 18
j Расстановочный фильтр 87.7
900 Электронные ресурсы __
a Имя электронного ресурса г. шалаева новые
901 Тип документа __
t Тип документа m